000 00774nam a2200229Ia 4500
008 130821s2005 ag gr spa
020 _a9507865063
040 _aCo-BoUCM
_bspa
041 0 0 _aspa
100 1 _aCorona, Pablo Edgardo
_9164437
245 1 0 _aPaul Ricoeur lenguaje, texto y realidad
_cprólogo de Marie-France Begué
260 _aBuenos Aires (Argentina)
_bEditorial Biblos
_c2005
300 _a220 páginas
490 _aFenomenología y Hermenéutica
504 _aIncluye bibliografía
650 0 4 _aFilosofía del lenguaje
_915796
650 0 4 _aLenguaje y lenguas
_918380
650 0 4 _aLingüística
_918563
650 0 4 _aLingüística
_xFilosofía
_9112350
942 _cLIBRO
_a2
_e1
_mC822p
_2DEWEY
_h410.01
999 _c57519
_d57519